000 00431nam a2200181Ia 4500
005 20240823061324.0
008 240823s9999||||xx |||||||||||||| ||und||
041 _aENGLISH
082 _A620.11 Q2
100 _aKhanna O P
245 0 _aMaterial Science and Metallurgy
250 _a1st
260 _c2012
_bDhanpat Rai Publica
500 _aYES
650 _aMaterial Science
_bMechanical
942 _cBK
999 _c233243
_d233243